LEADER 01450nam 2200409Ia 450 001 996386119203316 005 20221108035207.0 035 $a(CKB)4940000000080158 035 $a(EEBO)2240867065 035 $a(OCoLC)13117926 035 $a(EXLCZ)994940000000080158 100 $a19860207d1699 uy | 101 0 $aeng 135 $aurbn||||a|bb| 200 10$aThree practical essays ..$b[electronic resource] $econtaining instructions for a holy life, with earnest exhortations, especially to young persons, drawn from the consideration of the severity of the discipline of the primitive church /$fby Samuel Clark .. 210 $aLondon $cPrinted for James Knapton ...$d1699 215 $a[15], 240 p 300 $aSubsequently published as: The whole duty of a Christian. 300 $aErrata on p. [15]. 300 $aReproduction of original in Cambridge University Library. 327 $a(from t.p.) Baptism -- Confirmation -- Repentance. 330 $aeebo-0021 606 $aBaptism$vEarly works to 1800 606 $aConfirmation$vEarly works to 1800 606 $aRepentance$vEarly works to 1800 615 0$aBaptism 615 0$aConfirmation 615 0$aRepentance 700 $aClarke$b Samuel$f1675-1729.$0148543 801 0$bEAA 801 1$bEAA 801 2$bm/c 801 2$bWaOLN 906 $aBOOK 912 $a996386119203316 996 $aThree practical essays .$92320027 997 $aUNISA LEADER 01475oas 2200541 a 450 001 9910139279503321 005 20260218112649.0 035 $a(OCoLC)762004606 035 $a(CONSER) 2012268503 035 $a(CKB)2480000000004299 035 $a(DE-599)2638992-7 035 $a(EXLCZ)992480000000004299 100 $a20110210a20099999 uy b 101 0 $aspa 135 $aur|n||||||||| 181 $ctxt$2rdacontent 182 $cc$2rdamedia 183 $acr$2rdacarrier 200 00$a452°F 210 $aBarcelona $cAsociacio?n Cultural 452°F 300 $aRefereed/Peer-reviewed 311 08$a2013-3294 517 1 $aFour hundred and fifty-two degrees Fahrenheit 517 1 $aCuatrocientos cincuenta y dos grados Fahrenheit 517 1 $aQuatre-cents cinquanta-dos graus Fahrenheit 517 1 $aLaurehun eta berrogeita hamabi gradu Fahrenheit 531 1 $a452° F 606 $aComparative literature$vPeriodicals 606 $aComparative literature$2fast$3(OCoLC)fst01734553 608 $aPeriodicals.$2fast 615 0$aComparative literature 615 7$aComparative literature. 801 0$bAU@ 801 1$bAU@ 801 2$bOCLCQ 801 2$bSERSO 801 2$bOCLCO 801 2$bSERSO 801 2$bCUS 801 2$bOCLCF 801 2$bOCLCO 801 2$bOCLCQ 801 2$bSRU 801 2$bOCLCQ 906 $aJOURNAL 912 $a9910139279503321 996 $a452°F$92181053 997 $aUNINA